00695nam a2200217Ia 450000500170000000800410001701600140005804000240007205000180009608200110011410000290012524500870015426000460024130000300028750000400031756300100035765000310036765000230039865000330042170000230045420260401113540.0210303s9999 xx 000 0 und d 2reto2022b aNLNbEnglisheAACR2 aQH91.A3bB216 a574.92 aBANGOR, Walesd1969eaut 0aFourth European marine biology symposium /cWales Bangor and edited by D. J. Crisp aCambridge Eng. :bUniversity Press,c1971 aix, 599p. :bill. ; 24cm. aIncludes bibliographical references a(pbk) aMarine biologyvCongresses aLarvaevCongresses aUnderwater lightvCongresses aCrisp, D. J. eedt